000 00885nam a22002777a 4500
001 7014
003 FISKH
005 20250821142627.0
008 250617b cb ||||| |||| 00| 0 eng d
020 _a076645060327
040 _aFISKH
_beng
_cFISKH
_dFISKH
050 _aPZ7
082 _a372
100 _aVinje, Marie
245 _aThe new bike :
_bA start to read ! book /
_cWritten by Marie Vinje ; Illustated by Stephen Lewis
260 _aMichigan :
_bSchool Zone Publishing Company,
_c1819.
300 _a16 pages :
_bcolor illustrations ;
_c23 cm
490 _aTeach your child to read by Dr. James Hoffman :
_vLevel 2.
505 _aG
520 _aLee has a new bike, and she must learn how to ride it.
521 8 _a380
_bLexile AD
521 8 _aG
_bRaz-Plus
650 _aChildren's Books
_vFiction
_xCourage
942 _2ddc
_cBK
_n0
999 _c7014
_d7014